The Bahamas : Financial Sector Assessment Program-Technical Note on Financial Inclusion, Retail Payments, and SME Finance.

The CBOB considers increased financial inclusion as a critical reform area. In this regard, the FSAP assessed developments in financial inclusion for individuals and enterprises (SME finance), retail payments and provides recommendations for improvements. A review of the market was undertaken using...

Ausführliche Beschreibung

Bibliographische Detailangaben
Körperschaft: International Monetary Fund. Monetary and Capital Markets Department
Format: Zeitschrift
Sprache:English
Veröffentlicht: Washington, D.C. : International Monetary Fund, 2019.
Schriftenreihe:IMF Staff Country Reports; Country Report ; No. 2019/201
Online Zugang:Full text available on IMF
LEADER 01788cas a2200241 a 4500
001 AALejournalIMF019472
008 230101c9999 xx r poo 0 0eng d
020 |c 5.00 USD 
020 |z 9781498323291 
022 |a 1934-7685 
040 |a BD-DhAAL  |c BD-DhAAL 
110 2 |a International Monetary Fund.  |b Monetary and Capital Markets Department. 
245 1 4 |a The Bahamas :   |b Financial Sector Assessment Program-Technical Note on Financial Inclusion, Retail Payments, and SME Finance. 
264 1 |a Washington, D.C. :  |b International Monetary Fund,  |c 2019. 
300 |a 1 online resource (52 pages) 
490 1 |a IMF Staff Country Reports 
500 |a <strong>Off-Campus Access:</strong> No User ID or Password Required 
500 |a <strong>On-Campus Access:</strong> No User ID or Password Required 
506 |a Electronic access restricted to authorized BRAC University faculty, staff and students 
520 3 |a The CBOB considers increased financial inclusion as a critical reform area. In this regard, the FSAP assessed developments in financial inclusion for individuals and enterprises (SME finance), retail payments and provides recommendations for improvements. A review of the market was undertaken using the Payment Aspects of Financial Inclusion (PAFI) framework covering areas such as the legal/regulatory framework and oversight, retail payment systems and instruments, access to transaction accounts and use cases, as well as SME policy, credit infrastructure, economic empowerment funds and consumer protection and financial literacy. 
538 |a Mode of access: Internet 
830 0 |a IMF Staff Country Reports; Country Report ;  |v No. 2019/201 
856 4 0 |z Full text available on IMF  |u http://elibrary.imf.org/view/journals/002/2019/201/002.2019.issue-201-en.xml  |z IMF e-Library